[Event "European Women's Chess Club Cup 2023"]
[Site "Durres, Albania"]
[Date "2023.10.01"]
[Round "1.18"]
[White "Eric, Jovana"]
[Black "Javakhishvili, Lela"]
[Result "0-1"]
[TimeControl "90' + 30' & 30\""]
[WhiteElo "2146"]
[BlackElo "2437"]

1. e4 {[%clk 01:30:57]} {[%emt 00:00:02]} e5 {[%clk 01:30:50]} {[%emt
00:00:11]} 2. Nf3 {[%clk 01:31:18]} {[%emt 00:00:08]} Nc6 {[%clk 01:31:11]}
{[%emt 00:00:09]} 3. Bc4 {[%clk 01:31:30]} {[%emt 00:00:18]} Nf6 {[%clk
01:31:26]} {[%emt 00:00:15]} 4. d3 {[%clk 01:31:49]} {[%emt 00:00:12]} h6
{[%clk 01:31:36]} {[%emt 00:00:21]} 5. Nc3 {[%clk 01:31:44]} {[%emt 00:00:33]}
d6 {[%clk 01:30:14]} {[%emt 00:01:54]} 6. a4 {[%clk 01:31:29]} {[%emt
00:00:43]} g6 {[%clk 01:30:08]} {[%emt 00:00:37]} 7. h3 {[%clk 01:30:57]}
{[%emt 00:01:03]} Bg7 {[%clk 01:30:30]} {[%emt 00:00:08]} 8. Be3 {[%clk
01:31:10]} {[%emt 00:00:16]} Nb4 {[%clk 01:26:53]} {[%emt 00:04:06]} 9. O-O
{[%clk 01:28:18]} {[%emt 00:03:22]} c5 {[%clk 01:22:38]} {[%emt 00:04:46]} 10.
Ne2 {[%clk 01:25:51]} {[%emt 00:02:56]} O-O {[%clk 01:22:21]} {[%emt 00:00:47]}
11. c3 {[%clk 01:25:13]} {[%emt 00:01:09]} Nc6 {[%clk 01:22:46]} {[%emt
00:00:05]} 12. Ng3 {[%clk 01:24:45]} {[%emt 00:00:58]} Qe7 {[%clk 01:18:33]}
{[%emt 00:04:43]} 13. Qd2 {[%clk 01:19:45]} {[%emt 00:05:30]} Kh7 {[%clk
01:18:35]} {[%emt 00:00:29]} 14. b4 {[%clk 01:19:31]} {[%emt 00:00:42]} b6
{[%clk 01:11:33]} {[%emt 00:07:32]} 15. a5 {[%clk 01:14:56]} {[%emt 00:05:05]}
Rb8 {[%clk 01:05:44]} {[%emt 00:06:19]} 16. axb6 {[%clk 00:55:48]} {[%emt
00:19:38]} axb6 {[%clk 01:06:07]} {[%emt 00:00:07]} 17. b5 {[%clk 00:54:53]}
{[%emt 00:01:25]} Na5 {[%clk 01:05:39]} {[%emt 00:00:57]} 18. Qe2 {[%clk
00:52:07]} {[%emt 00:03:16]} Ne8 {[%clk 00:59:39]} {[%emt 00:06:30]} 19. Ba2
{[%clk 00:47:47]} {[%emt 00:04:50]} Nc7 {[%clk 00:55:42]} {[%emt 00:04:27]} 20.
Rab1 {[%clk 00:42:58]} {[%emt 00:05:18]} Bd7 {[%clk 00:54:22]} {[%emt
00:01:51]} 21. c4 {[%clk 00:33:29]} {[%emt 00:09:59]} f5 {[%clk 00:54:28]}
{[%emt 00:00:23]} 22. exf5 {[%clk 00:33:35]} {[%emt 00:00:25]} gxf5 {[%clk
00:54:41]} {[%emt 00:00:17]} 23. Bd2 {[%clk 00:32:47]} {[%emt 00:01:18]} Nb7
{[%clk 00:52:32]} {[%emt 00:02:39]} 24. Rbe1 {[%clk 00:31:34]} {[%emt
00:01:44]} Be8 {[%clk 00:43:03]} {[%emt 00:09:59]} 25. Bb1 {[%clk 00:30:31]}
{[%emt 00:01:32]} Bg6 {[%clk 00:43:15]} {[%emt 00:00:19]} 26. h4 {[%clk
00:24:48]} {[%emt 00:06:13]} Kh8 {[%clk 00:41:28]} {[%emt 00:02:16]} 27. h5
{[%clk 00:18:31]} {[%emt 00:06:48]} Bh7 {[%clk 00:41:52]} {[%emt 00:00:06]} 28.
d4 {[%clk 00:18:40]} {[%emt 00:00:20]} e4 {[%clk 00:33:04]} {[%emt 00:09:18]}
29. d5 {[%clk 00:18:52]} {[%emt 00:00:18]} Rbe8 {[%clk 00:32:18]} {[%emt
00:01:16]} 30. Bf4 {[%clk 00:17:49]} {[%emt 00:01:32]} Qf6 {[%clk 00:27:10]}
{[%emt 00:05:39]} 31. Nh2 {[%clk 00:17:09]} {[%emt 00:01:10]} Qh4 {[%clk
00:25:44]} {[%emt 00:01:56]} 32. Qd2 {[%clk 00:15:57]} {[%emt 00:01:41]} Be5
{[%clk 00:25:18]} {[%emt 00:00:56]} 33. Bxe5+ {[%clk 00:10:47]} {[%emt
00:05:40]} Rxe5 {[%clk 00:22:39]} {[%emt 00:03:10]} 34. Qc3 {[%clk 00:09:30]}
{[%emt 00:01:47]} Kg8 {[%clk 00:22:19]} {[%emt 00:00:50]} 35. f4 {[%clk
00:06:18]} {[%emt 00:03:42]} Re7 {[%clk 00:22:35]} {[%emt 00:00:14]} 36. Re3
{[%clk 00:05:34]} {[%emt 00:01:14]} Ne8 {[%clk 00:21:25]} {[%emt 00:01:41]} 37.
Bc2 {[%clk 00:05:29]} {[%emt 00:00:34]} Rg7 {[%clk 00:21:12]} {[%emt 00:00:42]}
38. Bd1 {[%clk 00:05:23]} {[%emt 00:00:37]} Kf7 {[%clk 00:18:11]} {[%emt
00:03:31]} 39. Rf2 {[%clk 00:04:05]} {[%emt 00:01:48]} Na5 {[%clk 00:15:08]}
{[%emt 00:03:33]} 40. Be2 {[%clk 00:03:41]} {[%emt 00:00:54]} Qd8 {[%clk
00:10:48]} {[%emt 00:04:50]} 41. Ngf1 {[%clk 00:01:34]} {[%emt 00:02:37]} Nf6
{[%clk 00:10:44]} {[%emt 00:00:34]} 42. Nd2 {[%clk 00:29:28]} {[%emt 00:02:36]}
Kg8 {[%clk 00:38:47]} {[%emt 00:02:27]} 43. Ndf1 {[%clk 00:24:36]} {[%emt
00:05:22]} Kh8 {[%clk 00:37:36]} {[%emt 00:01:41]} 44. Ng3 {[%clk 00:22:33]}
{[%emt 00:02:33]} Qd7 {[%clk 00:36:35]} {[%emt 00:01:30]} 45. Qa1 {[%clk
00:21:54]} {[%emt 00:01:10]} Bg8 {[%clk 00:34:17]} {[%emt 00:02:48]} 46. Nhf1
{[%clk 00:21:28]} {[%emt 00:00:56]} Kh7 {[%clk 00:34:13]} {[%emt 00:00:34]} 47.
Nh2 {[%clk 00:20:49]} {[%emt 00:01:09]} Bxd5 {[%clk 00:28:16]} {[%emt
00:06:27]} 48. cxd5 {[%clk 00:21:06]} {[%emt 00:00:13]} Nxd5 {[%clk 00:28:44]}
{[%emt 00:00:02]} 49. Ra3 {[%clk 00:18:41]} {[%emt 00:02:55]} Nb4 {[%clk
00:26:22]} {[%emt 00:02:52]} 50. Qb2 {[%clk 00:12:33]} {[%emt 00:06:37]} d5
{[%clk 00:26:34]} {[%emt 00:00:18]} 51. Ngf1 {[%clk 00:11:11]} {[%emt
00:01:53]} d4 {[%clk 00:26:42]} {[%emt 00:00:22]} 52. Qc1 {[%clk 00:07:10]}
{[%emt 00:04:31]} c4 {[%clk 00:17:28]} {[%emt 00:09:43]} 53. Rxa5 {[%clk
00:03:41]} {[%emt 00:03:59]} bxa5 {[%clk 00:17:52]} {[%emt 00:00:07]} 54. Qxc4
{[%clk 00:04:03]} {[%emt 00:00:08]} Rc8 {[%clk 00:15:51]} {[%emt 00:02:30]} 55.
Qb3 {[%clk 00:04:11]} {[%emt 00:00:23]} Rc3 {[%clk 00:12:49]} {[%emt 00:03:32]}
56. Qb1 {[%clk 00:03:37]} {[%emt 00:01:04]} d3 {[%clk 00:12:19]} {[%emt
00:00:59]} 57. Bd1 {[%clk 00:03:55]} {[%emt 00:00:13]} Qd4 {[%clk 00:11:56]}
{[%emt 00:00:53]} 58. Qb2 {[%clk 00:04:14]} {[%emt 00:00:10]} Rgc7 {[%clk
00:11:51]} {[%emt 00:00:35]} 59. Qd2 {[%clk 00:04:14]} {[%emt 00:00:31]} Nd5
{[%clk 00:12:09]} {[%emt 00:00:12]} 0-1

[Event "European Women's Chess Club Cup 2023"]
[Site "Durres, Albania"]
[Date "2023.10.01"]
[Round "1.19"]
[White "Daulyte-Cornette, Deimante"]
[Black "Djukic, Sandra"]
[Result "1-0"]
[TimeControl "90' + 30' & 30\""]
[WhiteElo "2360"]
[BlackElo "2121"]

1. e4 {[%clk 01:30:57]} {[%emt 00:00:02]} c6 {[%clk 01:30:32]} {[%emt
00:00:29]} 2. Nc3 {[%clk 01:31:06]} {[%emt 00:00:21]} d5 {[%clk 01:30:40]}
{[%emt 00:00:23]} 3. Nf3 {[%clk 01:31:24]} {[%emt 00:00:11]} Bg4 {[%clk
01:28:41]} {[%emt 00:02:30]} 4. h3 {[%clk 01:31:14]} {[%emt 00:00:38]} Bxf3
{[%clk 01:29:04]} {[%emt 00:00:07]} 5. Qxf3 {[%clk 01:31:38]} {[%emt 00:00:06]}
e6 {[%clk 01:29:31]} {[%emt 00:00:05]} 6. Be2 {[%clk 01:29:40]} {[%emt
00:02:27]} Nd7 {[%clk 01:28:27]} {[%emt 00:01:33]} 7. d4 {[%clk 01:28:18]}
{[%emt 00:01:52]} dxe4 {[%clk 01:23:55]} {[%emt 00:05:03]} 8. Nxe4 {[%clk
01:27:45]} {[%emt 00:01:03]} Ngf6 {[%clk 01:24:19]} {[%emt 00:00:05]} 9. O-O
{[%clk 01:18:31]} {[%emt 00:09:45]} Nxe4 {[%clk 01:18:26]} {[%emt 00:06:23]} 10.
Qxe4 {[%clk 01:17:57]} {[%emt 00:01:03]} Nf6 {[%clk 01:16:31]} {[%emt
00:02:24]} 11. Qd3 {[%clk 01:12:52]} {[%emt 00:05:36]} Qc7 {[%clk 01:09:26]}
{[%emt 00:07:35]} 12. c4 {[%clk 01:10:41]} {[%emt 00:02:42]} Be7 {[%clk
01:06:58]} {[%emt 00:02:57]} 13. b3 {[%clk 01:09:10]} {[%emt 00:02:01]} O-O
{[%clk 01:07:09]} {[%emt 00:00:19]} 14. Bb2 {[%clk 01:09:09]} {[%emt 00:00:31]}
Rfd8 {[%clk 01:06:06]} {[%emt 00:01:33]} 15. Qe3 {[%clk 01:07:04]} {[%emt
00:02:35]} Rd7 {[%clk 01:03:46]} {[%emt 00:02:51]} 16. Bf3 {[%clk 01:02:11]}
{[%emt 00:05:22]} Qa5 {[%clk 00:57:07]} {[%emt 00:07:08]} 17. a3 {[%clk
00:56:20]} {[%emt 00:06:22]} Rad8 {[%clk 00:55:24]} {[%emt 00:02:13]} 18. Rfe1
{[%clk 00:41:57]} {[%emt 00:14:53]} a6 {[%clk 00:44:32]} {[%emt 00:11:22]} 19.
Rad1 {[%clk 00:36:53]} {[%emt 00:05:34]} h6 {[%clk 00:31:31]} {[%emt 00:13:32]}
20. Qc1 {[%clk 00:30:32]} {[%emt 00:06:51]} Qb6 {[%clk 00:23:33]} {[%emt
00:08:28]} 21. Qc2 {[%clk 00:23:35]} {[%emt 00:07:27]} Qc7 {[%clk 00:19:59]}
{[%emt 00:04:03]} 22. g3 {[%clk 00:20:45]} {[%emt 00:03:20]} a5 {[%clk
00:18:01]} {[%emt 00:02:28]} 23. Kg2 {[%clk 00:16:38]} {[%emt 00:04:37]} Ne8
{[%clk 00:00:37]} {[%emt 00:17:54]} 24. Re3 {[%clk 00:10:38]} {[%emt 00:06:30]}
Nd6 {[%clk 00:01:02]} {[%emt 00:00:06]} 25. Qe2 {[%clk 00:07:56]} {[%emt
00:03:11]} Nf5 {[%clk 00:00:38]} {[%emt 00:00:54]} 26. Rxe6 {[%clk 00:06:41]}
{[%emt 00:01:46]} Nh4+ {[%clk 00:00:36]} {[%emt 00:00:31]} 27. gxh4 {[%clk
00:06:58]} {[%emt 00:00:13]} fxe6 {[%clk 00:01:03]} {[%emt 00:00:03]} 28. Qxe6+
{[%clk 00:07:21]} {[%emt 00:00:07]} Kh8 {[%clk 00:01:00]} {[%emt 00:00:32]} 29.
d5 {[%clk 00:03:55]} {[%emt 00:03:57]} Qd6 {[%clk 00:01:14]} {[%emt 00:00:17]}
30. Qg4 {[%clk 00:04:15]} {[%emt 00:00:10]} Bf6 {[%clk 00:00:33]} {[%emt
00:01:10]} 31. dxc6 {[%clk 00:04:22]} {[%emt 00:00:23]} bxc6 {[%clk 00:01:00]}
{[%emt 00:00:03]} 32. Rxd6 {[%clk 00:03:13]} {[%emt 00:01:40]} Rxd6 {[%clk
00:01:24]} {[%emt 00:00:05]} 33. c5 {[%clk 00:02:55]} {[%emt 00:00:48]} 1-0

[Event "European Women's Chess Club Cup 2023"]
[Site "Durres, Albania"]
[Date "2023.10.01"]
[Round "1.20"]
[White "Trajkovska, Sanja"]
[Black "Zhukova, Natalia"]
[Result "0-1"]
[TimeControl "90' + 30' & 30\""]
[WhiteElo "1864"]
[BlackElo "2303"]

1. e4 {[%clk 01:30:49]} {[%emt 00:00:10]} e6 {[%clk 01:30:52]} {[%emt
00:00:08]} 2. d4 {[%clk 01:31:14]} {[%emt 00:00:06]} d5 {[%clk 01:31:16]}
{[%emt 00:00:04]} 3. e5 {[%clk 01:31:33]} {[%emt 00:00:12]} c5 {[%clk
01:31:36]} {[%emt 00:00:10]} 4. c3 {[%clk 01:31:54]} {[%emt 00:00:10]} Nc6
{[%clk 01:32:00]} {[%emt 00:00:04]} 5. Nf3 {[%clk 01:32:16]} {[%emt 00:00:09]}
Bd7 {[%clk 01:32:18]} {[%emt 00:00:11]} 6. Be2 {[%clk 01:32:36]} {[%emt
00:00:11]} f6 {[%clk 01:32:20]} {[%emt 00:00:28]} 7. O-O {[%clk 01:31:54]}
{[%emt 00:01:13]} fxe5 {[%clk 01:32:38]} {[%emt 00:00:11]} 8. Nxe5 {[%clk
01:31:38]} {[%emt 00:00:46]} Nxe5 {[%clk 01:33:00]} {[%emt 00:00:09]} 9. dxe5
{[%clk 01:31:58]} {[%emt 00:00:09]} Qc7 {[%clk 01:33:19]} {[%emt 00:00:10]} 10.
Re1 {[%clk 01:30:49]} {[%emt 00:01:40]} O-O-O {[%clk 01:33:21]} {[%emt
00:00:27]} 11. Bf4 {[%clk 01:27:45]} {[%emt 00:03:36]} Ne7 {[%clk 01:32:46]}
{[%emt 00:01:04]} 12. Bd3 {[%clk 01:26:42]} {[%emt 00:01:33]} h6 {[%clk
01:19:02]} {[%emt 00:14:14]} 13. a4 {[%clk 01:12:14]} {[%emt 00:14:57]} g5
{[%clk 01:09:25]} {[%emt 00:10:08]} 14. Bg3 {[%clk 01:10:55]} {[%emt 00:01:50]}
c4 {[%clk 01:03:47]} {[%emt 00:06:07]} 15. Bc2 {[%clk 01:10:40]} {[%emt
00:00:44]} Nc6 {[%clk 01:03:48]} {[%emt 00:00:29]} 16. b4 {[%emt 00:06:57]}
cxb3 {[%clk 01:03:31]} {[%emt 00:00:45]} 17. Bxb3 {[%clk 01:04:30]} {[%emt
00:00:16]} h5 {[%clk 00:55:08]} {[%emt 00:08:53]} 18. h3 {[%clk 00:58:42]}
{[%emt 00:06:18]} h4 {[%clk 00:46:30]} {[%emt 00:09:08]} 19. Bh2 {[%clk
00:58:59]} {[%emt 00:00:13]} Bc5 {[%clk 00:46:51]} {[%emt 00:00:08]} 20. Na3
{[%clk 00:54:22]} {[%emt 00:05:08]} Qb6 {[%clk 00:42:16]} {[%emt 00:05:05]} 21.
Re2 {[%clk 00:46:53]} {[%emt 00:07:59]} Rhf8 {[%clk 00:41:38]} {[%emt
00:01:08]} 22. Nb5 {[%clk 00:32:16]} {[%emt 00:15:07]} Rxf2 {[%clk 00:39:07]}
{[%emt 00:03:01]} 23. Rxf2 {[%clk 00:31:46]} {[%emt 00:01:00]} Bxf2+ {[%clk
00:34:17]} {[%emt 00:05:19]} 24. Kh1 {[%clk 00:32:15]} {[%emt 00:00:01]} Bg3
{[%clk 00:23:04]} {[%emt 00:11:44]} 25. Bxg3 {[%clk 00:22:45]} {[%emt
00:10:00]} hxg3 {[%clk 00:23:23]} {[%emt 00:00:10]} 26. c4 {[%clk 00:15:31]}
{[%emt 00:07:45]} Nxe5 {[%clk 00:12:35]} {[%emt 00:11:18]} 27. cxd5 {[%clk
00:10:19]} {[%emt 00:05:42]} exd5 {[%clk 00:09:32]} {[%emt 00:03:32]} 28. Qc1+
{[%clk 00:08:02]} {[%emt 00:02:45]} Nc6 {[%clk 00:06:19]} {[%emt 00:03:45]} 29.
Qxg5 {[%clk 00:06:39]} {[%emt 00:01:54]} Qf2 {[%clk 00:05:59]} {[%emt
00:00:49]} 30. Nd6+ {[%clk 00:01:36]} {[%emt 00:05:34]} Kb8 {[%clk 00:05:49]}
{[%emt 00:00:39]} 31. Qh6 {[%clk 00:00:36]} {[%emt 00:01:31]} Bxh3 {[%clk
00:01:18]} {[%emt 00:05:01]} 32. Bxd5 {[%clk 00:00:38]} {[%emt 00:00:28]} Qd4
{[%clk 00:00:39]} {[%emt 00:01:09]} 33. Rb1 {[%clk 00:00:40]} {[%emt 00:00:27]}
Qxd5 {[%clk 00:01:01]} {[%emt 00:00:09]} 34. Rxb7+ {[%clk 00:00:32]} {[%emt
00:00:38]} Ka8 {[%clk 00:01:30]} {[%emt 00:00:01]} 35. Qxh3 {[%clk 00:00:34]}
{[%emt 00:00:29]} Qd1# {[%clk 00:01:50]} {[%emt 00:00:08]} 0-1

[Event "European Women's Chess Club Cup 2023"]
[Site "Durres, Albania"]
[Date "2023.10.01"]
[Round "1.21"]
[White "Agrest, Inna"]
[Black "Song, Yuxin"]
[Result "1/2-1/2"]
[TimeControl "90' + 30' & 30\""]
[WhiteElo "2266"]
[BlackElo "2404"]

1. e4 {[%clk 01:30:55]} {[%emt 00:00:03]} c5 {[%clk 01:30:52]} {[%emt
00:00:11]} 2. Nf3 {[%clk 01:31:14]} {[%emt 00:00:10]} Nc6 {[%clk 01:31:16]}
{[%emt 00:00:07]} 3. d4 {[%clk 01:31:03]} {[%emt 00:00:40]} cxd4 {[%clk
01:31:39]} {[%emt 00:00:07]} 4. Nxd4 {[%clk 01:31:30]} {[%emt 00:00:04]} Qb6
{[%clk 01:32:01]} {[%emt 00:00:09]} 5. Nb3 {[%clk 01:30:38]} {[%emt 00:01:20]}
g6 {[%clk 01:32:22]} {[%emt 00:00:08]} 6. c4 {[%clk 01:22:02]} {[%emt
00:09:07]} Bg7 {[%clk 01:32:43]} {[%emt 00:00:10]} 7. Be2 {[%clk 01:17:43]}
{[%emt 00:04:48]} Qc7 {[%clk 01:30:41]} {[%emt 00:02:31]} 8. O-O {[%clk
01:16:20]} {[%emt 00:01:54]} d6 {[%clk 01:30:22]} {[%emt 00:00:48]} 9. Na3
{[%clk 01:10:51]} {[%emt 00:06:00]} a6 {[%clk 01:29:47]} {[%emt 00:01:04]} 10.
Nc2 {[%clk 01:09:17]} {[%emt 00:02:04]} Nf6 {[%clk 01:28:13]} {[%emt 00:02:04]}
11. f3 {[%clk 01:08:43]} {[%emt 00:01:05]} O-O {[%clk 01:08:17]} {[%emt
00:20:26]} 12. Ne3 {[%clk 00:58:39]} {[%emt 00:10:34]} Bd7 {[%clk 01:02:37]}
{[%emt 00:06:10]} 13. Bd2 {[%clk 00:56:12]} {[%emt 00:02:57]} Qb6 {[%clk
00:51:57]} {[%emt 00:11:10]} 14. Kh1 {[%clk 00:54:42]} {[%emt 00:02:00]} Rfc8
{[%clk 00:43:59]} {[%emt 00:08:28]} 15. Rc1 {[%clk 00:45:28]} {[%emt 00:09:44]}
a5 {[%clk 00:38:17]} {[%emt 00:06:11]} 16. c5 {[%clk 00:41:16]} {[%emt
00:04:43]} dxc5 {[%clk 00:38:39]} {[%emt 00:00:08]} 17. Nxc5 {[%clk 00:35:25]}
{[%emt 00:06:21]} Be8 {[%clk 00:37:47]} {[%emt 00:01:22]} 18. Na4 {[%clk
00:26:53]} {[%emt 00:09:03]} Qd4 {[%clk 00:34:37]} {[%emt 00:03:39]} 19. Rc4
{[%clk 00:26:18]} {[%emt 00:01:04]} Qd8 {[%clk 00:31:49]} {[%emt 00:03:19]} 20.
Nc3 {[%clk 00:24:35]} {[%emt 00:02:13]} Bd7 {[%clk 00:27:09]} {[%emt 00:05:11]}
21. Nb5 {[%clk 00:22:07]} {[%emt 00:02:57]} Be6 {[%clk 00:25:49]} {[%emt
00:01:50]} 22. Ra4 {[%clk 00:18:21]} {[%emt 00:04:16]} Nd7 {[%clk 00:25:10]}
{[%emt 00:01:09]} 23. Bc4 {[%clk 00:11:07]} {[%emt 00:07:44]} Nb6 {[%clk
00:17:33]} {[%emt 00:08:07]} 24. Bxe6 {[%clk 00:10:30]} {[%emt 00:01:07]} Nxa4
{[%clk 00:17:56]} {[%emt 00:00:07]} 25. Bxc8 {[%clk 00:08:11]} {[%emt
00:02:49]} Nxb2 {[%clk 00:16:34]} {[%emt 00:01:52]} 26. Qc2 {[%clk 00:03:55]}
{[%emt 00:04:45]} Rxc8 {[%clk 00:16:32]} {[%emt 00:00:32]} 27. Bc3 {[%clk
00:04:03]} {[%emt 00:00:22]} Bxc3 {[%clk 00:14:22]} {[%emt 00:02:41]} 28. Nxc3
{[%clk 00:03:07]} {[%emt 00:01:26]} Nd3 {[%clk 00:14:43]} {[%emt 00:00:08]} 29.
Ncd5 {[%clk 00:01:55]} {[%emt 00:01:42]} Nde5 {[%clk 00:08:17]} {[%emt
00:06:57]} 30. f4 {[%clk 00:00:39]} {[%emt 00:01:46]} Nd7 {[%clk 00:08:42]}
{[%emt 00:00:05]} 31. f5 {[%clk 00:00:42]} {[%emt 00:00:27]} e6 {[%clk
00:08:41]} {[%emt 00:00:31]} 32. fxe6 {[%clk 00:00:32]} {[%emt 00:00:40]} fxe6
{[%clk 00:09:10]} 33. Nf4 {[%clk 00:00:55]} {[%emt 00:00:07]} Nd4 {[%clk
00:09:13]} {[%emt 00:00:27]} 34. Qf2 {[%clk 00:01:15]} {[%emt 00:00:10]} Nc5
{[%clk 00:04:41]} {[%emt 00:05:02]} 35. Ned5 {[%clk 00:01:17]} {[%emt
00:00:28]} exd5 {[%clk 00:02:23]} {[%emt 00:02:48]} 36. Qxd4 {[%clk 00:01:41]}
{[%emt 00:00:06]} dxe4 {[%clk 00:01:23]} {[%emt 00:01:30]} 37. Qc4+ {[%clk
00:00:40]} {[%emt 00:01:31]} Kh8 {[%clk 00:01:45]} {[%emt 00:00:08]} 38. Qc3+
{[%clk 00:00:59]} {[%emt 00:00:11]} Kg8 {[%clk 00:02:14]} {[%emt 00:00:01]} 39.
Qc4+ {[%clk 00:01:09]} {[%emt 00:00:21]} Kh8 {[%clk 00:02:43]} 40. Qc3+ {[%clk
00:01:00]} {[%emt 00:00:40]} Kg8 {[%clk 00:03:05]} {[%emt 00:00:07]} 41. Qc4+
{[%clk 00:01:01]} {[%emt 00:00:29]} 1/2-1/2

[Event "European Women's Chess Club Cup 2023"]
[Site "Durres, Albania"]
[Date "2023.10.01"]
[Round "1.22"]
[White "Buksa, Nataliya"]
[Black "Johansson, Viktoria"]
[Result "1-0"]
[TimeControl "90' + 30' & 30\""]
[WhiteElo "2361"]
[BlackElo "2042"]

1. e4 {[%clk 01:30:57]} c5 {[%clk 01:30:54]} {[%emt 00:00:06]} 2. Nf3 {[%clk
01:31:19]} {[%emt 00:00:09]} Nc6 {[%clk 01:31:17]} {[%emt 00:00:06]} 3. Bb5
{[%clk 01:31:42]} {[%emt 00:00:07]} d6 {[%clk 01:31:32]} {[%emt 00:00:15]} 4.
O-O {[%clk 01:31:48]} {[%emt 00:00:26]} Bd7 {[%clk 01:31:50]} {[%emt 00:00:10]}
5. Re1 {[%clk 01:32:13]} {[%emt 00:00:06]} a6 {[%clk 01:31:48]} {[%emt
00:00:31]} 6. Bc4 {[%clk 01:31:08]} {[%emt 00:01:35]} e6 {[%clk 01:28:59]}
{[%emt 00:03:19]} 7. c3 {[%clk 01:30:52]} {[%emt 00:00:46]} b5 {[%clk
01:25:52]} {[%emt 00:03:37]} 8. Bf1 {[%clk 01:30:25]} {[%emt 00:00:58]} Nf6
{[%clk 01:25:16]} {[%emt 00:01:06]} 9. d4 {[%clk 01:30:47]} {[%emt 00:00:08]}
Be7 {[%clk 01:23:30]} {[%emt 00:02:15]} 10. a4 {[%clk 01:29:04]} {[%emt
00:02:13]} Rb8 {[%clk 01:22:17]} {[%emt 00:01:43]} 11. axb5 {[%clk 01:05:22]}
{[%emt 00:24:12]} axb5 {[%clk 01:22:33]} {[%emt 00:00:13]} 12. Bf4 {[%clk
01:05:38]} {[%emt 00:00:16]} cxd4 {[%clk 01:18:01]} {[%emt 00:05:02]} 13. cxd4
{[%clk 01:06:05]} {[%emt 00:00:03]} O-O {[%clk 01:17:31]} {[%emt 00:01:00]} 14.
Na3 {[%clk 01:03:35]} {[%emt 00:02:59]} Na5 {[%clk 01:04:33]} {[%emt 00:13:27]}
15. e5 {[%clk 00:55:04]} {[%emt 00:09:03]} dxe5 {[%clk 00:58:07]} {[%emt
00:06:55]} 16. Nxe5 {[%clk 00:55:30]} {[%emt 00:00:04]} Bxa3 {[%clk 00:51:13]}
{[%emt 00:07:24]} 17. Rxa3 {[%clk 00:50:01]} {[%emt 00:06:00]} Ra8 {[%clk
00:50:44]} {[%emt 00:00:59]} 18. Bg5 {[%clk 00:47:04]} {[%emt 00:03:27]} b4
{[%clk 00:35:50]} {[%emt 00:15:23]} 19. Bxf6 {[%clk 00:44:11]} {[%emt
00:03:23]} Qxf6 {[%clk 00:27:13]} {[%emt 00:09:07]} 20. Rxa5 {[%clk 00:44:37]}
{[%emt 00:00:04]} 1-0